Galicia : (Record no. 929)
[ view plain ]
| 000 -LEADER | |
|---|---|
| campo de control de longitud fija | 00793nas a2200253 i 4500 |
| 001 - NÚMERO DE CONTROL | |
| campo de control | 929 |
| 003 - IDENTIFICADOR DE NÚMERO DE CONTROL | |
| campo de control | ES-MaACL |
| 005 - FECHA Y HORA DE LA ÚLTIMA TRANSACCIÓN | |
| campo de control | 20251010161416.0 |
| 007 - CAMPO FIJO DE DESCRIPCIÓN FÍSICA--INFORMACIÓN GENERAL | |
| campo de control de longitud fija | t| |
| 008 - DATOS DE LONGITUD FIJA--INFORMACIÓN GENERAL | |
| campo de control de longitud fija | 950801d19061909sp sr p 0 1 |spa d |
| 080 ## - NÚMERO DE LA CLASIFICACIÓN DECIMAL UNIVERSAL | |
| Número de la Clasificación Decimal Universal | (051) |
| 245 00 - MENCIÓN DEL TÍTULO | |
| Título | Galicia : |
| Resto del título | revista quincenal ilustrada / |
| Mención de responsabilidad, etc. | dir., Augusto C. de Santiago. |
| 246 3# - FORMA VARIANTE DEL TITULO | |
| Título propio/Titulo breve | Galicia (Madrid. 1906) |
| 260 ## - PUBLICACIÓN, DISTRIBUCIÓN, ETC. | |
| Lugar de publicación, distribución, etc. | Madrid : |
| Nombre del editor, distribuidor, etc. | Galicia, |
| Fecha de publicación, distribución, etc. | 1906-1909. |
| 300 ## - DESCRIPCIÓN FÍSICA | |
| Extensión | 4 v. : |
| Otras características físicas | il. ; |
| Dimensiones | 27 cm. |
| 310 ## - PERIODICIDAD ACTUAL | |
| Periodicidad actual | Quincenal |
| 362 0# - FECHAS DE PUBLICACIÓN Y/O DESIGNACIÓN SECUENCIAL | |
| Fecha de publicación y/o designación secuencial | Año 1, n. 1 (25 jul. 1906)-1909. |
| 650 #4 - PUNTO DE ACCESO ADICIONAL DE MATERIA--TÉRMINO DE MATERIA | |
| Término de materia o nombre geográfico como elemento de entrada | Monografías regionales. |
| 9 (RLIN) | 15170 |
| 700 1# - ENTRADA AGREGADA--NOMBRE PERSONAL | |
| Nombre de persona | Santiago, Augusto C. de, |
| Término indicativo de función/relación | |
| 9 (RLIN) | 227551 |
| 700 1# - ENTRADA AGREGADA--NOMBRE PERSONAL | |
| Nombre de persona | Vidal Rodríguez, Manuel, |
| Fechas asociadas al nombre | 1871-1941 |
| 9 (RLIN) | 175684 |
| 852 4# - LOCALIZACIÓN | |
| Encuadernación | |
| Ubicación | BA |
| Encuadernación | |
| Número de control de estantería | R-2493-96 Olim: G-3847-50 |
| 866 #0 - MENCIÓN TEXTUAL DE FONDOS--UNIDAD BIBLIOGRÁFICA BÁSICA | |
| Fondos | 1906-08(1909). |
| Estatus retirado | Estado de pérdida | Estado de daño | No para préstamo | Colección | Biblioteca de origen | Biblioteca actual | Ubicación en estantería | Fecha de adquisición | Fuente de adquisición | Total de préstamos | Signatura topográfica completa | Código de barras | Visto por última vez | Precio de reemplazo | Tipo de ítem Koha |
|---|---|---|---|---|---|---|---|---|---|---|---|---|---|---|---|
| Periódicos y Revistas | Biblioteca del Ateneo de Madrid | Biblioteca del Ateneo de Madrid | Depósito | 17/01/2008 | R-2493-96 | 1000946 | 23/02/2023 | 23/02/2023 | Revista |
